Florida’s Presidential Voting History - Statistics

General Stats
  • This quiz has been taken 18 times
  • The average score is 40 of 42
Answer Stats
Question Answer % Correct
1904 Alton Parker
100%
2008 Barack Obama
100%
2012 Barack Obama
100%
1996 Bill Clinton
100%
2016 Donald Trump
100%
2020 Donald Trump
100%
1952 Dwight Eisenhower
100%
1956 Dwight Eisenhower
100%
1852 Franklin Pierce
100%
1932 Franklin Roosevelt
100%
1936 Franklin Roosevelt
100%
1940 Franklin Roosevelt
100%
1944 Franklin Roosevelt
100%
1988 George H. W. Bush
100%
1992 George H. W. Bush
100%
2000 George W. Bush
100%
2004 George W. Bush
100%
1884 Grover Cleveland
100%
1888 Grover Cleveland
100%
1892 Grover Cleveland
100%
1948 Harry Truman
100%
1856 James Buchanan
100%
1920 James Cox
100%
1976 Jimmy Carter
100%
1860 John Breckinridge
100%
1924 John Davis
100%
1964 Lyndon Johnson
100%
1960 Richard Nixon
100%
1968 Richard Nixon
100%
1972 Richard Nixon
100%
1980 Ronald Reagan
100%
1984 Ronald Reagan
100%
1872 Ulysses Grant
100%
1896 William Jennings Bryan
100%
1900 William Jennings Bryan
100%
1908 William Jennings Bryan
100%
1880 Winfield Hancock
100%
1912 Woodrow Wilson
100%
1916 Woodrow Wilson
100%
1876 Rutherford Hayes
50%
1928 Herbert Hoover
0%
1848 Zachary Taylor
0%
No matching quizzes found
Score Distribution
Percent of People with Each Score
Percentile by Number Answered
Your Score History
You have not taken this quiz